000 00276nam a2200121Ia 4500
008 190216s9999||||xx |||||||||||||| ||und||
100 _aTirthraj Sharma
245 0 _aHindi - Koi Karan Hoga
260 _bKoi Karan Hoga
_c2007
300 _a84
650 _aHindi
942 _cBK
999 _c16440
_d16440